Deryk's Geography - Statistics

General Stats
  • This quiz has been taken 13 times
  • The average score is 11 of 20
Answer Stats
Hint Answer % Correct
Constantinople Istanbul
100%
Leningrad St Petersburg
100%
New Amsterdam New York
92%
Saigon Ho Chi Minh City
85%
Calcutta Kolkata
85%
Danzig Gdansk
62%
Tenochtitlan Mexico City
62%
Alma Ata Almaty
54%
Leopoldville Kinshasa
54%
Stalingrad Volgograd
54%
Rangoon Yangon
54%
Madras Chennai
46%
Batavia Jakarta
46%
Kristiania Oslo
46%
Salisbury Harare
38%
Lutetia Paris
38%
Frunze Bishkek
15%
Ragusa Dubrovnik
15%
Jesselton Kota Kinabalu
15%
Temasek Singapore
15%
No matching quizzes found
Score Distribution
Percent of People with Each Score
Percentile by Number Answered
Your Score History
You have not taken this quiz